| 000 | 00690nam a2200217 a 4500 | ||
|---|---|---|---|
| 999 |
_c3025 _d3025 |
||
| 001 | 3025 | ||
| 003 | BD-JhCC | ||
| 005 | 20171109131347.0 | ||
| 008 | 171109s1969 bg |||| ||a| 000 0 ben d | ||
| 035 | _a(BD-JhCC)3025 | ||
| 040 |
_aBD-JhCC _dBD-JhCC |
||
| 041 | _aben | ||
| 082 |
_a891.443 _bAEI 1969 |
||
| 100 | _aএইজলে, লোরেল | ||
| 245 |
_aকালের প্রবাহে / _cলোরেল এইজলে; আবদুল জব্বার চৌধুরী (অনু.) |
||
| 260 |
_aঢাকা : _bখোশরোজ কিতাব মহল, _c1969. |
||
| 300 |
_a123 p. : _c21 cm. |
||
| 650 | _aBengali Novel | ||
| 942 |
_2ddc _cBK |
||